| 000 | 00652pam a2200229 a 4500 | ||
|---|---|---|---|
| 008 | |||
| 020 | _a0138419256 (hbk. ) | ||
| 049 | _aMAIN | ||
| 090 | _aQD251.2 BRU | ||
| 100 | 1 | _aBruice, Paula Yurkanis | |
| 245 | 1 | 0 |
_aOrganic chemistry / _cPaula Yurkanis Bruice. |
| 250 | _a2nd ed. | ||
| 260 |
_aUpper Saddle River,N.J/ : _bPrentice Hall, _c1998. |
||
| 300 |
_axxx, [1330] p. : _bcol. ill. ; _c26 cm. |
||
| 500 | _aIncludes index. | ||
| 650 | _aChemistry, Organic. | ||
| 907 |
_a.b10248432 _b01-10-07 _c12-07-07 |
||
| 003 | |||
| 005 | 20230123134501.0 | ||
| 040 | _cNUST | ||
| 942 |
_cBOOKS _kQD251.2 BRU |
||
| 999 |
_c166734 _d166734 |
||